| 000 | 00514nam a2200169 a 4500 | ||
|---|---|---|---|
| 001 | 1428 | ||
| 003 | CDMR | ||
| 005 | 20130321185552.0 | ||
| 008 | 130130s2010||||||||||||||||||||||||||||d | ||
| 020 | _a9788492437498 | ||
| 040 |
_aCDMR _bcat _cCPC GIRONA |
||
| 100 | 1 |
_aDíaz, Onésimo _91093 |
|
| 245 | 1 | 0 |
_aHistoria de España en el siglo XX _b: a través de las grandes biografías, novelas y películas _cOnésimo Díaz Hernández |
| 260 |
_c2010 _bBase _aBarcelona |
||
| 490 | 0 |
_aBase hispánica _v21 |
|
| 942 |
_cMON _2udc |
||
| 999 |
_c1428 _d1428 |
||